000 00185nam a2200073Ia 4500
008 170523s9999 xx 000 0 und d
100 _aInmon- William H.
245 0 _aBuilding the Data Warehouse
260 _aWiley India
999 _c12175
_d12175